ბათუმის შოთა რუსთაველის სახელმწიფო უნივერსიტეტის ბიბლიოთეკა

საბიუჯეტო საგადასახადო პოლიტიკა (ბიბ.ჩანაწერი № 34786)

000 -LEADER
fixed length control field 00680nam a2200217Ia 4500
001 - CONTROL NUMBER
control field 596
003 - CONTROL NUMBER IDENTIFIER
control field GE_BSU
008 - FIXED-LENGTH DATA ELEMENTS--GENERAL INFORMATION
fixed length control field 181216s||||||||xx |||||||||||||| ||und||
020 ## - INTERNATIONAL STANDARD BOOK NUMBER
International Standard Book Number 9789941018411
040 ## - CATALOGING SOURCE
Transcribing agency GE_BSU
080 ## - UNIVERSAL DECIMAL CLASSIFICATION NUMBER
Universal Decimal Classification number 336.02(075.8)
100 ## - MAIN ENTRY--PERSONAL NAME
Personal name თურმანიძე,ა
245 ## - TITLE STATEMENT
Title საბიუჯეტო საგადასახადო პოლიტიკა
245 ## - TITLE STATEMENT
Statement of responsibility, etc. რედ. რეზო მანველიძე
260 ## - PUBLICATION, DISTRIBUTION, ETC.
Place of publication, distribution, etc. თბილისი
260 ## - PUBLICATION, DISTRIBUTION, ETC.
Date of publication, distribution, etc. 2009
300 ## - PHYSICAL DESCRIPTION
Extent 58გვ.
653 ## - INDEX TERM--UNCONTROLLED
Uncontrolled term საბიუჯეტო საგადასახადო პოლიტიკა
942 ## - ADDED ENTRY ELEMENTS (KOHA)
Koha item type წიგნი
ეგზემპლარები
Withdrawn status Lost status Damaged status Not for loan Date acquired Barcode Date last seen Price effective from Koha item type
        2018-12-17 1798 2018-12-17 2018-12-17 წიგნი